| 000 | 01584cam a22004454i 4500 | ||
|---|---|---|---|
| 003 | PE-LiUPU | ||
| 005 | 20250731173031.0 | ||
| 008 | 150623s r 000 0 d | ||
| 020 | _a157312057X | ||
| 035 | _a(Sirsi) i9781573120579 | ||
| 040 |
_aPE-LiUPU _bspa _cPE-LiUPU _erda |
||
| 049 | _aPRUA | ||
| 082 | 0 | 4 |
_a248.4 _bE46 _221 |
| 100 | 1 |
_aElliott, Micheal, _eautor. |
|
| 245 | 1 | 0 |
_aPlaying hide and seek: a non-churchgoer's path to finding God / _cMicheal Elliott. |
| 264 | 1 |
_aMacon, Georgia : _bPeake Road, _c1996. |
|
| 300 |
_a99 páginas ; _c23 centímetros |
||
| 336 |
_atext _2rdacontent |
||
| 337 |
_aunmediated _2rdamedia |
||
| 338 |
_avolume _2rdacarrier |
||
| 505 | 0 | _aPlaying hide-and-seek with God. -When God is "It". -Looking for God at church, in "leaders of the lost", in poor people, in a new age, in the outdoors, at funerals, in politicians, in allthe wrong places. | |
| 526 | _aSEG42 | ||
| 526 | _aSEG41 | ||
| 526 | _aSEG40 | ||
| 526 | _aSEG39 | ||
| 526 | _aP94 | ||
| 526 | _aP87 | ||
| 526 | _aP86 | ||
| 526 | _aP85 | ||
| 526 | _aP77 | ||
| 526 | _aP76 | ||
| 526 | _aP35 | ||
| 650 | 0 | 4 |
_aVida espiritual _xCristianismo. |
| 942 |
_2ddc _cBOOK |
||
| 949 |
_a248.4 E46 _wDEWEY _c1 _i48146 _lCCODEBUL1 _mBUL _r0 _sY _tBOOK _u2015-6-24 _xTEOLOGIA _PP35 _0COMPRA _o.STAFF. Colección General |
||
| 994 |
_aC0 _bPEPRU |
||
| 596 | _a1 | ||
| 999 |
_a248.4 E46 _wDEWEY _c25119 _i48146 _f2021-11-10 _g5 _lCCODEBUL1 _mBUL _r0 _sY _tBOOK _u2015-6-24 _xTEOLOGIA _PP35 _0COMPRA _o.STAFF. Colección General _d25119 |
||
| 980 |
_81 _gALBERTO SANCHEZ Responsable de Automatización |
||